|
|
|
|
| LEADER |
00000nab a2200000 a 4500 |
| 001 |
vtls001027216 |
| 003 |
SK-MaSNL |
| 005 |
20260303040137.0 |
| 008 |
040720e19990923xo 0 slo |
| 035 |
|
|
|a SL5770
|
| 040 |
|
|
|a SLLK
|b slo
|c SLLK
|e AACR2
|
| 041 |
0 |
|
|a slo
|
| 044 |
|
|
|a xo
|c SK
|
| 080 |
|
|
|a 796.332
|2 1981
|
| 100 |
0 |
|
|a (M.M.)
|4 aut
|9 848629
|
| 245 |
1 |
0 |
|a Komentujeme futbalovú nedeľu
|b prehrali za dve minúty
|
| 246 |
3 |
1 |
|b Svidník - Rekostav Stará Ľubovňa 2:1 (0:1)
|
| 610 |
2 |
7 |
|a FK Rekostav Stará Ľubovňa
|2 SLLK
|9 59391
|
| 610 |
2 |
7 |
|a TJ SLOVAN (Solivar, Slovensko)
|2 SLLK
|9 1023811
|
| 610 |
2 |
7 |
|a Junošport Stará Ľubovňa (Stará Ľubovňa, Slovensko)
|2 SLLK
|9 155674
|
| 650 |
0 |
7 |
|a futbal
|2 SLLK
|9 3291
|
| 650 |
0 |
7 |
|a muži
|2 SLLK
|9 4888
|
| 650 |
0 |
7 |
|a liga 3.
|2 SLLK
|9 1022389
|
| 650 |
0 |
7 |
|a liga 4.
|2 SLLK
|9 883729
|
| 650 |
0 |
7 |
|a žiaci starší
|2 SLLK
|9 883560
|
| 650 |
0 |
7 |
|a liga 2.
|2 SLLK
|9 883564
|
| 650 |
0 |
7 |
|a dorast starší
|2 SLLK
|9 1022410
|
| 650 |
0 |
7 |
|a liga 4.
|2 SLLK
|9 883729
|
| 650 |
0 |
7 |
|a dorast mladší
|2 SLLK
|9 1022411
|
| 650 |
0 |
7 |
|a výsledky
|2 SLLK
|9 493505
|
| 651 |
|
7 |
|a Svidník (Slovensko)
|2 SLLK
|9 28309
|
| 651 |
|
7 |
|a Poprad (Slovensko)
|2 SLLK
|9 20155
|
| 651 |
|
7 |
|a Podolínec (Slovensko)
|2 SLLK
|9 19195
|
| 651 |
|
7 |
|a Solivar (Prešov, Slovensko)
|2 SLLK
|9 16815
|
| 651 |
|
7 |
|a Fričovce (Slovensko)
|2 SLLK
|9 57080
|
| 651 |
|
7 |
|a Stará Ľubovňa (Slovensko)
|2 SLLK
|9 19193
|
| 651 |
|
7 |
|a Stará Ľubovňa (Slovensko)
|2 SLLK
|9 19193
|
| 651 |
|
7 |
|a Solivar (Prešov, Slovensko)
|2 SLLK
|9 16815
|
| 651 |
|
7 |
|a SL,
|2 SLLK
|9 1022390
|
| 655 |
|
7 |
|a periodikum
|2 snkbucl
|9 29553
|
| 700 |
0 |
0 |
|a (D.B.)
|4 aut
|9 1023174
|
| 700 |
0 |
0 |
|a (J.K.)
|4 aut
|9 965157
|
| 700 |
0 |
0 |
|a (J.B.)
|4 aut
|9 1001812
|
| 700 |
0 |
0 |
|a (P.D.)
|4 aut
|9 872708
|
| 710 |
2 |
|
|a FK Rekostav Stará Ľubovňa
|4 aut
|9 59391
|
| 710 |
2 |
|
|a TJ SLOVAN (Solivar, Slovensko)
|4 aut
|9 1023811
|
| 710 |
2 |
|
|a JUNOŠPORT (Stará Ľubovňa, Slovensko)
|4 aut
|9 1022492
|
| 773 |
0 |
8 |
|t Ľubovnianske noviny
|g Roč. 25, č.38, 23.9.1999, s. 4
|
| 852 |
|
|
|a ZVYKNI
|b KIS3GCP
|
| 999 |
|
|
|c 1680586
|d 1682516
|